[Event "Sonipat Prakash Singh Memorial 1st"]
[Site "Sonipat"]
[Date "2017.04.21"]
[Round "8"]
[White "Mahindrakar, Indrajeet"]
[Black "Negi, Digvijay Singh"]
[Result "1-0"]
[WhiteElo "1901"]
[BlackElo "1784"]
[PlyCount "79"]
[EventDate "2017.04.17"]
[EventType "swiss"]
[EventRounds "10"]
[EventCountry "IND"]
[SourceTitle "CBM 177 Extra"]
[Source "ChessBase"]
[SourceDate "2017.04.27"]
[SourceVersion "1"]
[SourceVersionDate "2017.04.27"]
[SourceQuality "1"]

1. e4 c5 2. c3 d5 3. exd5 Qxd5 4. d4 Nc6 5. Nf3 e5 6. Nxe5 Nxe5 7. dxe5 Qxe5+ 8. Be3 Bd7 9. Nd2 0-0-0 10. Bc4 Nh6 11. Nf3 Qh5 12. Ng5 Bg4 13. Qa4 f6 14. Ne6 Bxe6 15. Bxe6+ Kb8 16. 0-0 Bd6 17. g3 Nf7 18. Bg4 Qg6 19. Bf3 Ne5 20. Bg2 Qg4 21. b4 Qd7 22. Qxd7 Nxd7 23. Rad1 Kc7 24. bxc5 Nxc5 25. Rxd6 Kxd6 26. Rd1+ Kc7 27. Rxd8 Rxd8 28. Bxc5 Rd1+ 29. Bf1 b6 30. Bf8 g6 31. Kg2 Rc1 32. Bg7 Rxc3 33. Bxf6 Rc2 34. a4 Kd6 35. h4 Ra2 36. Bb5 a6 37. Bxa6 Rxa4 38. Bb5 Ra5 39. Bc4 b5 40. Bc3 1-0

[Event "New Delhi Parsvnath op 13th"]
[Site "New Delhi"]
[Date "2015.01.10"]
[Round "2"]
[White "Negi, Digvijay Singh"]
[Black "Popov, Ivan1111"]
[Result "0-1"]
[WhiteElo "1912"]
[BlackElo "2622"]
[PlyCount "87"]
[EventDate "2015.01.09"]
[EventType "tourn"]
[EventRounds "10"]
[EventCountry "IND"]
[SourceTitle "CBM 164 Extra"]
[Source "ChessBase"]
[SourceDate "2015.03.02"]
[SourceVersion "1"]
[SourceVersionDate "2015.03.02"]
[SourceQuality "1"]

1. e4 c6 2. d4 d5 3. exd5 cxd5 4. c4 Nf6 5. Nc3 Nc6 6. Nf3 Be6 7. c5 g6 8. Bb5 Bg7 9. Ne5 Bd7 10. 0-0 Nxe5 11. dxe5 Ne4 12. Bxd7+ Qxd7 13. Nxe4 dxe4 14. Qxd7+ Kxd7 15. Bf4 Ke6 16. Rae1 Kf5 17. Bg3 Bxe5 18. Bxe5 Kxe5 19. f3 f5 20. fxe4 f4 21. Rf3 Rad8 22. Ra3 Rd2 23. Rb3 Rc8 24. Rxb7 Rxc5 25. Rxe7+ Kf6 26. Rxa7 Rcc2 27. e5+ Ke6 28. Rxh7 Rxg2+ 29. Kh1 Rxb2 30. Rg1 Rxg1+ 31. Kxg1 Kxe5 32. a3 Rb3 33. Kf2 Rxa3 34. Rb7 Kf5 35. Rb2 Kg4 36. Kg2 g5 37. Rc2 f3+ 38. Kf2 Kh3 39. Rc8 Ra2+ 40. Kxf3 g4+ 41. Kf4 Ra4+ 42. Kg5 Kxh2 43. Rc2+ Kh3 44. Rc3+ 0-1

[Event "New Delhi Parsvnath op 6th"]
[Site "New Delhi"]
[Date "2008.01.15"]
[Round "4"]
[White "Negi, Digvijay Singh"]
[Black "Ramakrishna, J."]
[Result "0-1"]
[WhiteElo "2056"]
[BlackElo "2296"]
[PlyCount "31"]
[EventDate "2008.01.13"]
[EventType "swiss"]
[EventRounds "10"]
[EventCountry "IND"]
[SourceTitle "CBM 122 Extra"]
[Source "ChessBase"]
[SourceDate "2008.03.04"]
[SourceVersion "1"]
[SourceVersionDate "2008.03.04"]
[SourceQuality "1"]

1. e4 c5 2. Nf3 d6 3. d4 cxd4 4. Nxd4 Nf6 5. Nc3 Nc6 6. Bc4 Bd7 7. Bg5 e6 8. Qd2 a6 9. 0-0-0 h6 10. Bh4 Nxe4 11. Nxe4 Qxh4 12. Rhe1 0-0-0 13. Qc3 Kc7 14. g3 Qh5 15. f4 Qa5 16. Qb3 0-1